American Case Furniture in the Mabel Brady Garvan and other collections at Yale University (Record no. 8802)

MARC details
000 -CABECERA
campo de control de longitud fija 00937nam a2200253 a 4500
001 - NÚMERO DE CONTROL
campo de control BRCA_9155
005 - FECHA Y HORA DE LA ÚLTIMA TRANSACCIÓN
campo de control 20190320210535.0
008 - DATOS DE LONGITUD FIJA--INFORMACIÓN GENERAL
campo de control de longitud fija 140918s1988----u--a######---#000-0#eng-#
020 ## - NÚMERO INTERNACIONAL ESTÁNDAR DEL LIBRO
Número Internacional Estándar del Libro 0300033575
041 ## - CÓDIGO DE LENGUA
Código de lengua del texto/banda sonora o título independiente eng
044 ## - CÓDIGO DEL PAÍS DE LA ENTIDAD EDITORA/PRODUCTORA
Código MARC del país u
050 #4 - SIGNATURA TOPOGRÁFICA DE LA BIBLIOTECA DEL CONGRESO
Número de clasificación NK2725
Número de documento/Ítem .W37 1988
100 1# - ENTRADA PRINCIPAL--NOMBRE DE PERSONA
Nombre de persona Ward, Gerald W. R.
9 (RLIN) 22581
245 10 - MENCIÓN DE TÍTULO
Título American Case Furniture in the Mabel Brady Garvan and other collections at Yale University
Mención de responsabilidad, etc. Gerald W. R. Ward ; photographs by Charles Uht.
260 ## - PUBLICACIÓN, DISTRIBUCIÓN, ETC.
Lugar de publicación, distribución, etc. New Haven, Conn.
Nombre del editor, distribuidor, etc. Yale University Art Gallery
Fecha de publicación, distribución, etc. c1988
300 ## - DESCRIPCIÓN FÍSICA
Extensión xv, 485 p.
Otras características físicas il. (algunas a color)
Dimensiones 26 cm.
500 ## - NOTA GENERAL
Nota general Incluye índice alfabético
610 24 - PUNTO DE ACCESO ADICIONAL DE MATERIA--NOMBRE DE ENTIDAD CORPORATIVA
Nombre de entidad corporativa o nombre de jurisdicción como elemento de entrada Yale University
Unidad subordinada Art Gallery
Subdivisión de forma Catálogos
9 (RLIN) 22582
650 14 - PUNTO DE ACCESO ADICIONAL DE MATERIA--TÉRMINO DE MATERIA
Término de materia o nombre geográfico como elemento de entrada Cofres
Subdivisión de forma Catálogos
Subdivisión geográfica Estados Unidos
9 (RLIN) 22583
650 14 - PUNTO DE ACCESO ADICIONAL DE MATERIA--TÉRMINO DE MATERIA
Término de materia o nombre geográfico como elemento de entrada Muebles
Subdivisión de forma Catálogos
Subdivisión geográfica Estados Unidos
9 (RLIN) 22584
650 14 - PUNTO DE ACCESO ADICIONAL DE MATERIA--TÉRMINO DE MATERIA
Término de materia o nombre geográfico como elemento de entrada Cofres
Subdivisión de forma Catálogos
Subdivisión geográfica Connecticut - New Haven
9 (RLIN) 22585
700 1# - PUNTO DE ACCESO ADICIONAL--NOMBRE DE PERSONA
Nombre de persona Uht, Charles
Término indicativo de función/relación il.
9 (RLIN) 22586
942 ## - ELEMENTOS DE PUNTO DE ACCESO ADICIONAL (KOHA)
Fuente del sistema de clasificación o colocación Library of Congress Classification
Tipo de ítem Koha Libros
Holdings
Estado de retiro Estado de pérdida Estado dañado No para préstamo Localización permanente Ubicación/localización actual Fecha de adquisición Total de préstamos Signatura topográfica completa Código de barras Fecha visto por última vez Precio válido a partir de Tipo de ítem Koha
El ejemplar forma parte de la colección y puede ser consultado según las políticas vigentes.       Biblioteca del Museo Franz Mayer (Rogerio Casas-Alatriste) Biblioteca del Museo Franz Mayer (Rogerio Casas-Alatriste) 14/09/2018   NK2725 .W37 1988 02461 22/03/2019 22/03/2019 Libros